000 01870nam a22003377a 4500
999 _c423
_d423
001 001877
003 CoMeUDC001877
005 20181214175319.0
008 050211s2004 ck r 00010 spa d
015 _ack-2004-xxxx
020 _a9589176348
035 _aAJB4116 LA
040 _ala
_cCoMeUDC
041 0 _aspa
043 _ae------
082 0 4 _a340.55
_bJ37r
_219 ed.
100 1 _aJaramillo J., Carlos Ignacio.
245 1 3 _aEl renacimiento de la cultura jurídica en occidente :
_bel derecho en el medievo, siglos XI-XV /
_cCarlos Ignacio Jaramillo J.
260 _aBogotá :
_bPontificia Universidad Javeriana, Facultad de Ciencias Jurídicas ; Editorial Temis,
_c2004.
300 _axl, 651 p. ,31 p. de láminas ;
_c23 cm.
440 _aColección profesores ;
_v36
_9784
500 _ajurídica. Surgimiento de la escuela de los comentaristas o posglosadores (Siglos XIII-XV) ; La iglesia, la ciencia canonista y la formación del elemento romano-canónico. Esplendor y expansión de la escuela de los canonistas 8Siglos XI-XV) ; Luz, sombra y aurora de la cultura jurd̕ica (retrospectiva medieval, siglos V-XV).
505 0 _aProlegm̤eno histórico. Esbozo del entorno jurídico en la época renacentista y justificación terminológica ; Antecedentes del renacimiento cultural y jurídico medieval. Breve referencia histórica a la etapa que precedí al Despestar de la cultura jurd̕ica occidental ; El Despertar de la cultura jurídica. Génesis y consolidación de la escuela de los glosadores (Siglos XI-XIII) ; Afianzamiento y desarrollo de la cultura.
650 _aDerecho
_x Historia.
650 _aHistoria del derecho romano.
650 _aDerecho medieval
_z Europa.
650 _aDerecho romano
_x Influencia
_z Europa.
650 0 _aHistoria del derecho canónico.
_9785
942 _2ddc
_cBK
949 _ac
_bn